Statistics for Countries where the capital is not the largest city

Click here to take the quiz!

General Stats

  • This quiz has been taken 122 times
    (62 since last reset)
  • The average score is 20 of 38

Answer Stats

Countries% Correct
United States
100%
Canada
98%
Australia
91%
Brazil
88%
China
84%
South Africa
84%
India
81%
New Zealand
81%
Turkey
81%
Nigeria
79%
Morocco
74%
Israel
67%
Pakistan
67%
United Arab Emirates
65%
Vietnam
65%
Switzerland
60%
Tanzania
58%
Belize
53%
Sri Lanka
51%
Bolivia
49%
Kazakhstan
49%
Côte d'Ivoire
47%
Ecuador
44%
Myanmar
44%
Syria
44%
Cameroon
35%
Liechtenstein
35%
Malta
35%
Palau
35%
Philippines
30%
Benin
28%
Sudan
26%
Trinidad and Tobago
26%
San Marino
21%
Federated States of Micronesia
19%
Gambia
19%
Taiwan
19%
Equatorial Guinea
9%

Score Distribution

Percentile by Number Answered

Percent of People with Each Score

Your Score History

You have not taken this quiz since the last reset